Normal view
MARC view
- الحواسيب-البرمجيات
Entry Topical Term
001 - CONTROL NUMBER
- control field: 38656
003 - CONTROL NUMBER IDENTIFIER
- control field: JO-AjAnu
005 - DATE AND TIME OF LATEST TRANSACTION
- control field: 20230606080433.0
008 - FIXED-LENGTH DATA ELEMENTS
- fixed length control field: 230606|| aca||aabn | a|a d
040 ## - CATALOGING SOURCE
- Original cataloging agency: JO-AjAnu
- Transcribing agency: JO-AjAnu
150 ## - HEADING--TOPICAL TERM
- Topical term or geographic name entry element: الحواسيب-البرمجيات
670 ## - SOURCE DATA FOUND
- Source citation: Work cat.: (JO-AjAnu)19826: اعداد صالح، ضرغام محمد, author 38655, كيف تستخدم الانترنت I.C.D.L